000 00913nam a2200301 a 4500
001 000114203
003 CHAP
005 20220329144431.0
008 171117s1975 mx |r| ||||j|spa d
010 _a110664
011 _a111636
040 _cCHAP
082 0 4 _a843.8
_bF58
100 1 _aFlaubert, Gustave
_9134112
245 1 0 _aUn corazón sencillo /
_cpor Gustave Flaubert.
260 _aMéxico, D.F. :
_bPromotora de Ediciones y Publicaciones,
_c1975.
300 _a149 p.
590 _aBATCH-UPD
_b05
_c20171117
_lUCH01
_h1131
590 _aBATCH-UPD
_b10
_c20171119
_lUCH01
_h1309
590 _aE11695DGD
_b10
_c20171119
_lUCH01
_h1309
590 _aE5765TAJ
_b05
_c20171117
_lUCH01
_h1130
650 1 4 _aCuentos franceses
_ySiglo XIX.
_9134114
650 1 4 _aLiteratura francesa
_ySiglo XIX.
_9131100
650 1 4 _aNarrativa francesa
_ySiglo XX.
_9134115
901 _aBK
942 _cLIBRO
942 _n0
999 _c110664
_d110664